| 000 -LEADER |
| fixed length control field |
01668cam a2200421 i 4500 |
| 001 - CONTROL NUMBER |
| control field |
18014924 |
| 003 - CONTROL NUMBER IDENTIFIER |
| control field |
NUST |
| 005 - DATE AND TIME OF LATEST TRANSACTION |
| control field |
20180312044128.0 |
| 008 - FIXED-LENGTH DATA ELEMENTS--GENERAL INFORMATION |
| fixed length control field |
140122s2012 pk ab 000 0 eng |
| 010 ## - LIBRARY OF CONGRESS CONTROL NUMBER |
| LC control number |
2013356114 |
| 020 ## - INTERNATIONAL STANDARD BOOK NUMBER |
| International Standard Book Number |
9789699626074 |
| 025 ## - OVERSEAS ACQUISITION NUMBER |
| Overseas acquisition number |
P-E-2013356114; 30 |
| 040 ## - CATALOGING SOURCE |
| Original cataloging agency |
DLC |
| Language of cataloging |
eng |
| Transcribing agency |
DLC |
| Description conventions |
rda |
| 041 0# - LANGUAGE CODE |
| Language code of text/sound track or separate title |
eng |
| -- |
urd |
| 042 ## - AUTHENTICATION CODE |
| Authentication code |
lcode |
| -- |
pcc |
| 043 ## - GEOGRAPHIC AREA CODE |
| Geographic area code |
a-pk--- |
| -- |
f------ |
| -- |
a------ |
| 050 00 - LIBRARY OF CONGRESS CALL NUMBER |
| Classification number |
DS384 |
| Item number |
.S375 2012 |
| 082 ## - DEWEY DECIMAL CLASSIFICATION NUMBER |
| Classification number |
303.34 |
| Author Mark |
SHA |
| 100 1# - MAIN ENTRY--PERSONAL NAME |
| Personal name |
Shafi, Iqbal M., |
| Dates associated with a name |
1927- |
| 9 (RLIN) |
10119 |
| 245 10 - TITLE STATEMENT |
| Title |
Character and leadership : |
| Remainder of title |
character building of the Pakistani youth and the golden principles of leadership/ |
| Statement of responsibility, etc. |
Brig. Iqbal Shafi (Alig). |
| 264 #1 - PRODUCTION, PUBLICATION, DISTRIBUTION, MANUFACTURE, AND COPYRIGHT NOTICE |
| Place of production, publication, distribution, manufacture |
Islamabad : |
| Name of producer, publisher, distributor, manufacturer |
Sir Syed Academy, |
| Date of production, publication, distribution, manufacture, or copyright notice |
2015 |
| 300 ## - PHYSICAL DESCRIPTION |
| Extent |
159 pages : |
| Other physical details |
color illustrations, one folded color map ; |
| Dimensions |
25 cm |
| 336 ## - CONTENT TYPE |
| Content type term |
text |
| Source |
rdacontent |
| 337 ## - MEDIA TYPE |
| Media type term |
unmediated |
| Source |
rdamedia |
| 338 ## - CARRIER TYPE |
| Carrier type term |
volume |
| Source |
rdacarrier |
| 546 ## - LANGUAGE NOTE |
| Language note |
Some in Urdu. |
| 650 #0 - SUBJECT ADDED ENTRY--TOPICAL TERM |
| Topical term or geographic name entry element |
Political leadership |
| Geographic subdivision |
Pakistan. |
| 9 (RLIN) |
10120 |
| 650 #0 - SUBJECT ADDED ENTRY--TOPICAL TERM |
| Topical term or geographic name entry element |
Education and state |
| Geographic subdivision |
Pakistan. |
| 9 (RLIN) |
10121 |
| 650 #0 - SUBJECT ADDED ENTRY--TOPICAL TERM |
| Topical term or geographic name entry element |
Political leadership |
| Geographic subdivision |
Islamic countries. |
| 9 (RLIN) |
10122 |
| 651 #0 - SUBJECT ADDED ENTRY--GEOGRAPHIC NAME |
| Geographic name |
Pakistan |
| General subdivision |
Politics and government. |
| 9 (RLIN) |
206 |
| 710 2# - ADDED ENTRY--CORPORATE NAME |
| Corporate name or jurisdiction name as entry element |
Sir Syed Memorial Society (Islāmābād, Pakistan) |
| 9 (RLIN) |
10123 |
| 880 ## - ALTERNATE GRAPHIC REPRESENTATION |
| Linkage |
100-01\r |
| Title |
اقبال شفیع |
| 880 ## - ALTERNATE GRAPHIC REPRESENTATION |
| Linkage |
245-02\r |
| Title |
کردار و قیادت: |
| b |
یعنی نئی نسل کی کردار سازی اور قیادت کے زریں اصول |
| c |
اقبال شفیع |
| 880 ## - ALTERNATE GRAPHIC REPRESENTATION |
| Linkage |
260-03\r |
| Title |
اسلام آباد: |
| b |
سر سید اکادمی، |
| c |
2015 |
| 906 ## - LOCAL DATA ELEMENT F, LDF (RLIN) |
| a |
7 |
| b |
cbc |
| c |
origode |
| d |
3 |
| e |
ncip |
| f |
20 |
| g |
y-gencatlg |
| 942 ## - ADDED ENTRY ELEMENTS (KOHA) |
| Source of classification or shelving scheme |
|
| Koha item type |
Book |